Extremismos de derecha y movimientos neonazis. Berlin, Madrid, Santiago

Guardat en:
Dades bibliogràfiques
Autor principal: Caro Grinspun, Isaac (Autor)
Format: Llibre
Idioma:espanyol
Publicat: Santiago Lom Ediciones 2007
Edició:1a. ed
Col·lecció:Colección Historia
Matèries:
Etiquetes: Afegir etiqueta
Sense etiquetes, Sigues el primer a etiquetar aquest registre!

MARC

LEADER 00000nam a2200000 a 4500
001 UCI1645
003 CL-VaPUC
008 070713e20070000CL |||||||||||||||||spa|d
020 |a 9789562828826 
082 0 4 |a 320.53  |b CAR  |2 21 
100 0 |a Caro Grinspun, Isaac  |e author  |9 522263 
245 1 0 |a Extremismos de derecha y movimientos neonazis. Berlin, Madrid, Santiago 
250 |a 1a. ed 
300 |a 201 p 
942 |c BK 
945 |d 20070713 00:00:00  |a rbrito 
260 |a Santiago  |b Lom Ediciones  |c 2007 
600 0 7 |a SKINHEADS  |2 CL-VaPUC  |9 522264 
650 7 |a NEONAZISMO  |2 CL-VaPUC  |9 442244 
650 0 |a Partidos políticos  |9 254999 
650 0 |a Movimientos políticos   |9 338922 
650 0 |a Fascismo  |9 255687 
650 0 |a Violencia política   |9 321520 
650 7 |a EXTREMISMO POLITICO  |2 CL-VaPUC  |9 522265 
650 0 |a Xenofobia  |9 343230 
650 0 |a Antisemitismo  |9 314513 
583 |a last modification  |c 20070713 00:00:00  |k Rodrigo Vera 
490 0 |a Colección Historia 
999 |c 326412  |d 326410 
952 |0 0  |1 0  |4 0  |6 320_530000000000000_CAR_2007  |7 0  |8 A  |9 408284  |a BIBHIS  |b BIBHIS  |d 2019-11-22  |i 4571967  |o 320.53 CAR 2007  |p 4571967  |r 2025-01-20  |w 2019-11-22  |y BK  |k HIS 
952 |0 0  |1 0  |4 0  |6 320_530000000000000_CAR_2007  |7 0  |8 X  |9 408285  |a FDOBUD  |b FDOBUD  |d 2019-11-22  |i 4596269  |o 320.53 CAR 2007  |p 4596269  |r 2019-11-22  |w 2019-11-22  |y BK_X  |k BUD 
952 |0 0  |1 0  |4 0  |6 320_530000000000000_CAR_2007  |7 0  |8 A  |9 408286  |a BIBHIS  |b BIBHIS  |d 2019-11-22  |i 4629272  |o 320.53 CAR 2007  |p 4629272  |r 2025-01-20  |w 2019-11-22  |y BK  |k HIS